=LDR 00000nam 2200000 4500 =001 INLIS000000000002019 =005 20130612090406 =008 ***********************************Ind** =035 ##$$0010-061300000002019 =041 ##$$a Ind =082 ##$$a 612.6 =090 ##$$a 612.6, Mar p =100 ##$$a Margatan,Arcok =245 ##$$a Problema seks anda, Arcok,Margatan =260 ##$$a [19-?] $b Solo =300 ##$$a 108 hlm, ilus, 20 cm =650 ##$$a Reproduksi Manusia =850 ##$$a NBPNMAT